Statistics for Lincolnshire Train Stations

Click here to take the quiz!

General Stats

  • This quiz has been taken 32 times
  • The average score is 20 of 43

Answer Stats

Main OperatorStation% Correct
East Midlands RailwayLincoln Central
96%
TransPennine ExpressGrimsby Town
92%
East Midlands RailwaySkegness
88%
TransPennine ExpressCleethorpes
85%
TransPennine ExpressScunthorpe
85%
East Midlands RailwayBoston
77%
NorthernGainsborough Central
77%
London North Eastern RailwayGrantham
77%
East Midlands RailwaySpalding
65%
East Midlands RailwaySleaford
62%
TransPennine ExpressBarnetby
58%
East Midlands RailwayGrimsby Docks
58%
East Midlands RailwayMarket Rasen
58%
CrossCountryStamford
58%
NorthernBrigg
54%
East Midlands RailwayBarton-on-Humber
50%
NorthernGainsborough Lea Road
42%
East Midlands RailwayMetheringham
42%
East Midlands RailwayAncaster
38%
NorthernCrowle
38%
TransPennine ExpressHabrough
38%
East Midlands RailwayHykeham
38%
East Midlands RailwayRuskington
38%
NorthernSaxilby
38%
East Midlands RailwayStallingborough
38%
East Midlands RailwayWainfleet
38%
East Midlands RailwayHeckington
35%
East Midlands RailwaySwinderby
35%
East Midlands RailwayHavenhouse
31%
East Midlands RailwayHealing
31%
NorthernKirton Lindsey
31%
East Midlands RailwayNew Clee
31%
East Midlands RailwayRauceby
31%
East Midlands RailwayUlceby
31%
East Midlands RailwayBarrow Haven
27%
East Midlands RailwayGoxhill
27%
East Midlands RailwayGreat Coates
27%
East Midlands RailwayHubberts Bridge
27%
East Midlands RailwayThornton Abbey
27%
East Midlands RailwayThorpe Culvert
27%
NorthernAlthorpe
23%
East Midlands RailwayNew Holland
23%
East Midlands RailwaySwineshead
23%

Score Distribution

Percentile by Number Answered

Percent of People with Each Score

Your Score History

You have not taken this quiz